Cooperate to compete : Building agile business relationships

This book charts a clear, compelling new course for navigating these turbulent competitive waters. Examples and specific "how-to" advice show how to build a new kind of partnership with customers, creating competitive advantages you can sustain long-term. Illustrations.

সংরক্ষণ করুন:
গ্রন্থ-পঞ্জীর বিবরন
প্রধান লেখক: Preiss, Kenneth
বিন্যাস: গ্রন্থ
ভাষা:Undetermined
প্রকাশিত: New York Van Nostrand Reinhold 1996
বিষয়গুলি:
ট্যাগগুলো: ট্যাগ যুক্ত করুন
কোনো ট্যাগ নেই, প্রথমজন হিসাবে ট্যাগ করুন!
Thư viện lưu trữ: Trung tâm Học liệu Trường Đại học Cần Thơ
LEADER 00883nam a2200205Ia 4500
001 CTU_228564
008 210402s9999 xx 000 0 und d
082 |a 658.406 
082 |b P924 
100 |a Preiss, Kenneth 
245 0 |a Cooperate to compete : 
245 0 |b Building agile business relationships 
245 0 |c Kenneth Preiss, Steven L. Goldman, Roger N. Nagel 
260 |a New York 
260 |b Van Nostrand Reinhold 
260 |c 1996 
520 |a This book charts a clear, compelling new course for navigating these turbulent competitive waters. Examples and specific "how-to" advice show how to build a new kind of partnership with customers, creating competitive advantages you can sustain long-term. Illustrations. 
650 |a Thay đổi tổ chức,Organizational change 
910 |b dqhieu 
980 |a Trung tâm Học liệu Trường Đại học Cần Thơ